| LEADER |
00887nam0a2200217 450 |
| 001 |
16867823 |
| 010 |
|
|
|a 978-2-302-07288-6
|b cart.
|d 14,95
|
| 100 |
|
|
|a 20180911d2019 u u0frey01 ba
|
| 101 |
0 |
|
|a fre
|
| 102 |
|
|
|a FR
|
| 200 |
0 |
|
|a Goût de la mort (Le)
|f scénario Peru
|g dessin Bileau - couleurs Jacquemoire
|
| 207 |
|
1 |
|a
|
| 215 |
|
|
|a 1 vol. (49 p.)
|c illustrations en couleur
|d 33 x 24 cm
|
| 330 |
|
|
|a Alors que sa tribu est de plus en plus effrayée par ses pouvoirs, Alyana poursuit sa quête visant à éliminer la menace des géants quelle a réveillés.
|
| 461 |
|
0 |
|t Les Elfes blancs
|v 05
|
| 700 |
|
0 |
|a Peru
|b Olivier
|4 70
|
| 701 |
|
0 |
|a Bileau
|b Stéphane
|4 440
|
| 702 |
|
0 |
|a Jacquemoire
|b Elodie
|4 410
|
| 900 |
|
|
|a Bande dessinée (ados-adultes)
|
| 901 |
|
|
|a Adultes
|
| 995 |
|
|
|a Médiathèque
|c Médiathèque
|f 00156010465367
|h 00156010465367
|k BDJ ELF BLA 5
|o p
|q a
|r az
|e Médiathèque
|